02296cam a22002655a 45000010009000000050017000090080041000260200030000670400036000970820021001332450098001542600067002523000034003195000029003535000026003825040031004085201277004396500043017166500033017596530022017927000034018149420008018489990017018569520157018731829998120160405141436.0140912s2015 enka frbd 001 0 eng d a9780415734370 (paperback) aDLCbengcDLCe dDLCdEG-ScBUE04a355.033222bINT00aInternational security studies :btheory and practice /c[edited by] Peter Hough ... [et al.] aOxon ;aNew York :bRoutledge / Taylor & Francis Group,c2015. axvi, 492 p. :bill. ;c25 cm. aGlossary : p. [443]-448. aIndex : p. [473]-492. aBibliography : p. 449-472. a"This new textbook provides students with a comprehensive and accessible introduction to the subject of security studies, with a strong emphasis on the use of case studies. In addition to presenting the major theoretical perspectives, the book examines a range of important and controversial topics in modern debates, covering both traditional military and non-military security issues, such as proliferation, humanitarian intervention, food security and environmental security. Unlike most standard textbooks, the volume also offers a wide range of case studies - including chapters on the USA, China, the Middle East, Russia, Africa, the Arctic, the Middle East, Europe and Latin America - providing detailed analyses of important global security issues. The 34 chapters contain pedagogical features such as textboxes, summary points and recommended further reading and are divided into five thematic sections: - Conceptual and Theoretical - Military Security - Non-Military Security - Institutions and Security - Case Studies This textbook will be essential reading for all students of security studies and highly recommended for students of critical security studies, human security, peace and conflict studies, foreign policy and International Relations in general"-- 7aSecurity, International.2BUEsh939787 7aFood security.2BUEsh939788 bBUSBOLcApril20161 aHough, Peter,d1967-eeditor. 2ddc c21592d21564 00102ddc40708AlahramaMAINbMAINc1STd2016-04-05ePurchaseg378.00h114l5m26o355.033 INTp000032296r2025-07-15 00:00:00s2023-04-18v472.00yBB